000 00591nam a22001817a 4500
005 20251108172636.0
008 250721s2002 xx 000 0 ara d
082 1 4 _a958,404/صير
100 1 _aالصيرفي، محمد
245 1 0 _aدراسة الجدوى الإقتصادية و تقييم المشروعات /
264 1 _aعمان :
_bدار الفكر للطباعة و النشر،
_c2002.
300 _a545 ص
650 1 7 _aدراسة المشاريع
650 1 7 _aتقييم المشاريع
650 1 7 _aدراسات الجدوى
942 _2ddc
_cBK
999 _c84762
_d84762